| 000 | 01042 a2200193 4500 | ||
|---|---|---|---|
| 020 | _a0195979168 | ||
| 020 | _a9780195979169 | ||
| 082 | 0 | 4 | _a338 |
| 090 |
_c2760 _d2760 |
||
| 100 | 1 | _aAnsari, Javed A. | |
| 245 | 1 | 0 |
_aFinancial management in pakistan / _cJaved A. Ansari. |
| 260 |
_a[S.l.] : _bOxford University Press, USA, _c2006. |
||
| 300 |
_a258 p. ; _c25 cm. |
||
| 500 | _aPaperback. | ||
| 520 | _aThis is the first book-length treatment of the financial management process in Pakistan. The authors explain financial management theories and practices in the context of the Pakistani legal and institutional environment focusing on decisions taken by firms and banks in Pakistan. The book is divided into three parts and covers the entire range of topics to be found in a standard textbook on the subject. | ||
| 856 | 4 | 0 |
_3Amazon.com _uhttp://www.amazon.com/exec/obidos/ASIN/0195979168/chopaconline-20 |
| 856 | 4 | 0 |
_3Amazon customer reviews _uhttp://www.chopac.org/cgi-bin/tools/azrev.pl?q=0195979168 |
| 942 |
_aNBS _cBK _k658.155491 JAV |
||
| 999 |
_c345251 _d345251 |
||